000 00225nam a2200085Ia 4500
008 200302s9999 xx 000 0 und d
100 _aWalter Foster
245 _aDrawing Simplified in Pen Pencil Brush Chareoal
260 _bPublisher
999 _c557
_d557